| 000 | 00600nam a22001937a 4500 | ||
|---|---|---|---|
| 005 | 20140905115816.0 | ||
| 010 | _aENG-110748 | ||
| 020 |
_a9788183875677 _c750.00 |
||
| 035 | _aEN-94280 | ||
| 037 | _bDBAD/PUB | ||
| 082 | _a345.54 | ||
| 100 | _aSubhash Chandra Singh | ||
| 245 |
_aCriminal laws and social justice / _cby Subhash Chandra Singh |
||
| 260 |
_aNew Delhi _bSerials Publications _c2012 |
||
| 270 |
_a4830/24, Prahlad Street, Ansari Road, Darya Ganj _bNew Delhi _e110002 |
||
| 300 |
_aix,197p. _c24cm(Hb) |
||
| 500 | _aIncludes index | ||
| 942 |
_2ddc _cEN _h345.54 _mSUB |
||
| 999 |
_c88309 _d88309 |
||